000 00689nam a2200205Ii 4500
003 JO-AjNU
008 230605s9999||||xx |||||||||||||| ||und||
040 _aJO-AjNU
_bara
_erda
_cJO-AjNU
041 _aara
050 1 4 _aDS38.9.K3964 1982
100 3 _aاختيار وتقديم أدونيس؛ اختيار وتقديم سعيد، خالدة,
_eauthor
_935236
245 0 0 _aالكواكبي
250 _aط1
264 3 1 _aبيروت: دار العلم للملايين، 1982
300 _a234ص
336 _atext
_btxt
_2rdacontent
337 _aunmediated
_bn
_2rdamedia
338 _avolume
_bnc
_2rdacarrier
650 4 _aالاسلام- مقالات- دكتاتورية
_935237
999 _aA14526
_c18094
_d18094